<?xml version="1.0" encoding="UTF-8"?>
<record
    xmlns:xsi="http://www.w3.org/2001/XMLSchema-instance"
    xsi:schemaLocation="http://www.loc.gov/MARC21/slim http://www.loc.gov/standards/marcxml/schema/MARC21slim.xsd"
    xmlns="http://www.loc.gov/MARC21/slim">

  <leader>00766nam a22002177a 4500</leader>
  <controlfield tag="001">10627881</controlfield>
  <controlfield tag="005">20090116100527.0</controlfield>
  <controlfield tag="008">870731u        ii  u         0  0 0eng  </controlfield>
  <datafield tag="040" ind1=" " ind2=" ">
    <subfield code="a">dpl/dbad</subfield>
  </datafield>
  <datafield tag="082" ind1=" " ind2=" ">
    <subfield code="a">230</subfield>
  </datafield>
  <datafield tag="245" ind1=" " ind2=" ">
    <subfield code="a">Bhavan's journal.</subfield>
  </datafield>
  <datafield tag="260" ind1=" " ind2=" ">
    <subfield code="a">[Bombay,</subfield>
    <subfield code="b">Bharatiya Vidya Bhavan]</subfield>
  </datafield>
  <datafield tag="300" ind1=" " ind2=" ">
    <subfield code="a">v.</subfield>
    <subfield code="b">illus. (part col.)</subfield>
    <subfield code="c">19 cm.</subfield>
  </datafield>
  <datafield tag="310" ind1=" " ind2=" ">
    <subfield code="a">Biweekly</subfield>
  </datafield>
  <datafield tag="710" ind1=" " ind2=" ">
    <subfield code="a">Bharatiya Vidya Bhavan.</subfield>
  </datafield>
  <datafield tag="270" ind1=" " ind2=" ">
    <subfield code="a">KM Munshi Marg, </subfield>
    <subfield code="b">Mumbai</subfield>
    <subfield code="d">India</subfield>
    <subfield code="e">400007</subfield>
    <subfield code="k">26311261, 26634462</subfield>
    <subfield code="l">23630058</subfield>
    <subfield code="m">bhavan@bhavans.info</subfield>
    <subfield code="z">www.bhavan.info</subfield>
  </datafield>
  <datafield tag="906" ind1=" " ind2=" ">
    <subfield code="b">cbc</subfield>
    <subfield code="c">serprem</subfield>
    <subfield code="d">u</subfield>
    <subfield code="e">ncip</subfield>
    <subfield code="f">19</subfield>
    <subfield code="g">y-ilsserca</subfield>
  </datafield>
  <datafield tag="942" ind1=" " ind2=" ">
    <subfield code="2">ddc</subfield>
    <subfield code="c">SR</subfield>
    <subfield code="h">230</subfield>
    <subfield code="m">BHA</subfield>
    <subfield code="s">1</subfield>
  </datafield>
  <datafield tag="999" ind1=" " ind2=" ">
    <subfield code="c">21072</subfield>
    <subfield code="d">21072</subfield>
  </datafield>
  <datafield tag="952" ind1=" " ind2=" ">
    <subfield code="0">0</subfield>
    <subfield code="1">0</subfield>
    <subfield code="2">ddc</subfield>
    <subfield code="4">0</subfield>
    <subfield code="7">1</subfield>
    <subfield code="8">FIC</subfield>
    <subfield code="a">DBAD</subfield>
    <subfield code="b">DBAD</subfield>
    <subfield code="d">2009-01-16</subfield>
    <subfield code="l">0</subfield>
    <subfield code="o">230 BHA</subfield>
    <subfield code="r">2009-01-16 00:00:00</subfield>
    <subfield code="w">2009-01-16</subfield>
    <subfield code="y">SR</subfield>
  </datafield>
</record>
